Moje prvé písanie pre deti predškolského veku a žiakov 1. ročníka ZŠ 3. časť Písmenká

Bibliographic Details
Main Author: Dienerová, Eva (Author)
Other Authors: Kováčová, Alžbeta (ilustrátorka) (Bookjacket designer, Illustrator)
Format: Book
Language:Slovak
Published: Bratislava Ikar, a.s. - Príroda 2021
Edition:Prvé vydanie
Subjects:

MARC

LEADER 00000cam a2200000 4500
001 vtls012064490
003 SK-MaSNL
005 20260301103244.0
008 230501s2021 xo a a p 000 0 slo
015 |a SNBA2021/11 
020 |a 9788055177403  |q (brožované) 
035 |a urn:nbn:sk:snk-am00icvr 
035 |a 88965CB3-D3EA-4B38-B1A7-9F220E8C2B09 
040 |a SNK  |b slo  |c SNK  |e rda 
041 0 |a slo 
044 |a xo  |c SK 
072 7 |a 373.2/.3  |x Predškolská a primárna výchova a vzdelávanie  |2 konspekt 
072 7 |a 0/9-053.2  |x Literatúra pre deti a mládež (náučná)  |2 konspekt 
080 |a 37.016:003-028.31  |2 2011 
080 |a (076.1)  |2 2011 
080 |a 159.946.4  |2 2011 
080 |a 373.2  |2 2011 
080 |a (0.053.2)  |2 2011 
080 |a 003.081  |2 2011 
100 1 |a Dienerová, Eva  |4 aut  |9 214886 
245 1 0 |a Moje prvé písanie  |n 3. časť  |p Písmenká  |b pre deti predškolského veku a žiakov 1. ročníka ZŠ  |c Eva Dienerová 
246 3 0 |a Písmenká 
250 |a Prvé vydanie 
264 1 |a Bratislava  |b Ikar, a.s. - Príroda  |c 2021 
300 |a 40 strán  |b čiernobiele ilustrácie  |c 29 cm 
336 |a text  |b txt  |2 rdacontent 
336 |a statický obraz  |b sti  |2 rdacontent 
337 |a bez média  |b n  |2 rdamedia 
338 |a zväzok  |b nc  |2 rdacarrier 
500 |a Vytlačené naprieč 
500 |a Ilustrovala Alžbeta Kováčová 
650 0 7 |a písanie  |2 SNKPH  |9 1728 
650 0 7 |a Preschool education  |2 SNKPHeng  |9 267868 
650 0 7 |a Writing  |2 SNKPHeng  |9 302882 
650 0 7 |a predškolská výchova  |2 SNKPH  |9 3959 
650 0 7 |a grafomotorika  |2 SNKPH  |9 27199 
650 0 7 |a Graphomotorics  |2 SNKPHeng  |9 313020 
650 0 7 |a písmená  |2 SNKPH  |9 93166 
650 0 7 |a Letters  |2 SNKPHeng  |9 348620 
655 7 |a pracovné zošity  |2 SNKPH  |9 70188 
655 7 |a Activity books  |2 SNKPHeng  |9 302885 
655 7 |a publikácie pre deti  |2 SNKPH  |9 70148 
655 7 |a Publications for children  |2 SNKPHeng  |9 276792 
700 1 |a Kováčová, Alžbeta  |c (ilustrátorka)  |4 bjd  |4 ill  |9 214887 
787 0 8 |i Zo série:  |t Moje prvé písanie 
852 |a Slovenská národná knižnica 
919 |a 978-80-551-7740-3 
954 |a odborná, vedecká literatúra pôvodná (slovenská)  |2 lita 
999 |c 694591  |d 696521 
952 |a SNK  |b SNK  |y PREZ  |7 0  |p 17A1456212  |o snkOSB 20331/3  |i snk2021/9715  |8 0  |0 0  |1 0  |4 0  |d 2021-08-04  |f 1  |l 0  |r 2026-02-23 20:38:28  |w 2026-02-23 
952 |a SNK  |b SNK  |y VYP  |7 0  |p 17A1456213  |o snkOSB 20331/3 D1  |i snk2021/9716  |8 0  |0 0  |1 0  |4 0  |d 2021-08-04  |l 0  |r 2026-02-23 20:38:28  |w 2026-02-23